000 00594nam a2200193Ia 4500
008 180921t2005 xxu||||| |||| 00| 0 sin d
041 _asin
080 _a699.841
_bGUN
100 _aGuruge, Lional
_eed.
245 _aසුනාමි ප්‍රතිසංස්කරණ -විකල්ප යේජනා
246 _aSunaami prathisanskarana vikalpa yojanaa
260 _bVikalpa prathipaththi kendraya
_c2005
300 _a108p., 20 cm
650 _aTsunami
700 _aDeshapriya, Sunanda
_eed.
942 _cBK
999 _c12737
_d12737
003 LK-CoDNM
040 _aLK-CoDNM
_dLK-CoDNM
_eLK-CoDNM